| 000 | 00613nam a22002057a 4500 | ||
|---|---|---|---|
| 942 | _cBK | ||
| 999 |
_c250 _d250 |
||
| 005 | 20250420134802.0 | ||
| 008 | 191212b ||||| |||| 00| 0 eng d | ||
| 020 | _a9780692816066 | ||
| 040 | _cKCST | ||
| 082 |
_a650.1 _bSc Kn |
||
| 100 |
_aSchaefer, Mark W. _9913 |
||
| 245 |
_aKNOWN : _bthe handbook for building and unleashing your personal brand in the digital age / _cMark W Schaefer |
||
| 260 |
_a[not identified] _bMark W. Schaefer _c2017 |
||
| 300 | _a255 p. | ||
| 650 |
_aCareer development. _9914 |
||
| 650 |
_aBranding (Marketing) _9915 |
||
| 650 |
_aReputation. _9916 |
||
| 942 | _2ddc | ||